000 00444 a2200157 4500
999 _c320939
_d320939
001 85866
003 NUST
005 20180121120810.0
008 180121b xxu||||| |||| 00| 0 eng d
020 _a0471403946
082 _a333.33873 PAC
100 _aMitchell Pacelle
_99349
245 _aEmpire : a tale of obsession, betrayal, and the battle for an American icon
_hEnglish
250 _a1st
260 _aNew York
_bJohn Wiley
_c2001
300 _aviii, 344 p.
500 _aGifted By AM Masood Akhtar
942 _acaenust
_cBK
_k333.33873 PAC
_2ddc